Telephones and lightning conductors / (Record no. 463537)
[ view plain ]
| 000 -LEADER | |
|---|---|
| fixed length control field | 00964nam a2200301 a 4500 |
| 001 - CONTROL NUMBER | |
| control field | vtls001192532 |
| 003 - CONTROL NUMBER IDENTIFIER | |
| control field | NLI |
| 005 - DATE AND TIME OF LATEST TRANSACTION | |
| control field | 20210603151048.0 |
| 008 - FIXED-LENGTH DATA ELEMENTS--GENERAL INFORMATION | |
| fixed length control field | 120328s1907 enka 000 0 eng d |
| 039 #9 - LEVEL OF BIBLIOGRAPHIC CONTROL AND CODING DETAIL [OBSOLETE] | |
| -- | 201203281643 |
| -- | VLOAD |
| 040 ## - CATALOGING SOURCE | |
| Original cataloging agency | NLI |
| Language of cataloging | eng |
| Transcribing agency | Entertech IMP - 2012 |
| Description conventions | AACR2 |
| 041 0# - LANGUAGE CODE | |
| Language code of text/sound track or separate title | eng |
| 044 ## - COUNTRY OF PUBLISHING/PRODUCING ENTITY CODE | |
| MARC country code | enk |
| 084 ## - OTHER CLASSIFICATION NUMBER | |
| Classification number | 131.E.41 |
| 100 1# - MAIN ENTRY--PERSONAL NAME | |
| Personal name | Zeda, Umberto |
| 9 (RLIN) | 626160 |
| 245 10 - TITLE STATEMENT | |
| Title | Telephones and lightning conductors / |
| Statement of responsibility, etc. | Umberto Zeda ; translated by S. R. Bottone |
| 260 ## - PUBLICATION, DISTRIBUTION, ETC. | |
| Place of publication, distribution, etc. | London : |
| Name of publisher, distributor, etc. | Gulbrt Pitman, |
| Date of publication, distribution, etc. | 1907 |
| 300 ## - PHYSICAL DESCRIPTION | |
| Extent | 100 p. : |
| Other physical details | ill. ; |
| Dimensions | 19 cm. |
| 650 #0 - SUBJECT ADDED ENTRY--TOPICAL TERM | |
| Topical term or geographic name entry element | Telephone |
| General subdivision | Handbooks, manuals, etc |
| 9 (RLIN) | 7422 |
| 650 #0 - SUBJECT ADDED ENTRY--TOPICAL TERM | |
| Topical term or geographic name entry element | Telephone lines |
| General subdivision | Design and construction |
| 9 (RLIN) | 38359 |
| 650 #0 - SUBJECT ADDED ENTRY--TOPICAL TERM | |
| Topical term or geographic name entry element | Lightning conductors |
| General subdivision | Design and construction |
| 9 (RLIN) | 626161 |
| 700 1# - ADDED ENTRY--PERSONAL NAME | |
| Personal name | Bottone, S. R, |
| Relationship | trl. |
| 9 (RLIN) | 626162 |
| 887 ## - NON-MARC INFORMATION FIELD | |
| Content of non-MARC field | |
| 901 ## - LOCAL DATA ELEMENT A, LDA (RLIN) | |
| a | IMP78294 : |
| b | 13.10.2010 |
| 902 ## - LOCAL DATA ELEMENT B, LDB (RLIN) | |
| a | 131.E.41 |
| 942 ## - ADDED ENTRY ELEMENTS (KOHA) | |
| Source of classification or shelving scheme | Dewey Decimal Classification |
| Koha item type | Books |
| 949 ## - LOCAL PROCESSING INFORMATION (OCLC) | |
| -- | VIRTUAITEM |
| -- | 10000 |
| -- | 100 |
| 6 | IMP000078294ENG |
| Withdrawn status | Lost status | Damaged status | Not for loan | Home library | Current library | Date acquired | Total Checkouts | Full call number | Barcode | Date last seen | Price effective from | Koha item type |
|---|---|---|---|---|---|---|---|---|---|---|---|---|
| National Library of India | National Library of India | 131.E.41 | IMP000078294ENG | 03/06/2021 | 03/06/2021 | Books |
